Allgemeinwissen: Nordrhein-Westfalen - Statistiken

Allgemein
  • Dieses Quiz wurde 233 mal gespielt
    214 seit der letzten Aktualisierung
  • Das Durchschnittsergebnis liegt bei 10 aus 15
Antwortstatistiken
Hint % Korrekt
Hauptstadt Düsseldorf
99%
Düsseldorf
99%
Fluss der durch diese Stadt fließt Rhein
99%
Bevölkerungsreichste Stadt Köln
97%
Köln
97%
Seine Partei CDU
91%
Ballungsraum Ruhrgebiet
87%
Wofür es bekannt ist Bergbau
75%
Münster
55%
Aktueller Ministerpräsident Hendrik Wüst
45%
Berühmte Zeche in Essen Zeche Zollverein
41%
Arnsberg
38%
Nationalpark im Südwesten Eifel
38%
Regierungsbezirke in NRW Detmold
23%
Höchster Berg Langenberg
12%
Keine übereinstimmenden Quizze gefunden
Verteilung der Resultate
Anzahl Personen mit jedem Resultat
Perzentil nach korrekt beantworteten Fragen
Ihre Resultats-Entwicklung
Sie haben dieses Quiz seit der letzten Aktualisierung nicht gespielt